000 00685cam a22002413a 4500
001 17697
003 PGUSA
005 20140828083358.0
008 060207s2006||||xxu|||||s|||||000 1 eng d
040 _aPGUSA
_beng
042 _adc
050 4 _aPS
100 1 _aBailey, Temple,
_d-1953
245 1 4 _aThe Trumpeter Swan
_h[electronic resource] /
_cTemple Bailey
260 _bProject Gutenberg,
_c2006
506 _aPublic domain in the USA.
516 _aElectronic text
653 _aMan-woman relationships -- Fiction
700 1 _aStephens, Alice Barber,
_d1858-1932
830 0 _aProject Gutenberg
_v17697
856 4 0 _uhttp://www.gutenberg.org/ebooks/17697
942 _cEB
999 _c246952
_d246952